| 000 | 00674nam a2200217 u 4500 | ||
|---|---|---|---|
| 005 | 20240228064331.0 | ||
| 008 | 181016s2007 r 000 0 eng d | ||
| 020 | _a9788426136060 | ||
| 035 | _aUPN01000227311 | ||
| 049 | _aI | ||
| 050 | 4 |
_aPZ10.3 _bW7.6 |
|
| 100 | 1 |
_aWright, Cliff, _d1963- _942946 |
|
| 245 | 1 | 0 |
_aOso y pelota / _cCliff Wright ; tr. Elodie Bourgeois Bertín. |
| 260 |
_aBarcelona, Esp. : _bJuventud, _c2007. |
||
| 300 |
_a[15] p. : _bprincipalmente il. col. |
||
| 534 |
_pTítulo original: _tBear and ball |
||
| 650 | 4 |
_aOSOS - _vLITERATURA INFANTIL _923577 |
|
| 650 | 4 |
_aLibros y lectura para niños _92290 |
|
| 905 | _aInfantil | ||
| 999 |
_c199406 _d199406 |
||